| 000 | 01515njm a2200277Ia 4500 | ||
|---|---|---|---|
| 001 | 25604 | ||
| 003 | IT-RoPAU | ||
| 005 | 20220918181118.0 | ||
| 008 | 131025s9999 xx 000 0 und d | ||
| 040 | _aIT-RoPAU | ||
| 040 | _cIT-RoPAU | ||
| 999 |
_c99544 _d99544 |
||
| 999 | _bn.d. | ||
| 100 |
_aAA.VV. _9794 |
||
| 100 |
_eAutore musica _912485 |
||
| 100 |
_gCodice autore musica SPICS: 12000 _9796 |
||
| 245 | _aPercussion Around the World-International Pop All Stars | ||
| 250 | _a1a ed. | ||
| 260 | _aLONDON | ||
| 260 |
_bDECCA RECORD COMPANY _c1962 [1a Ed.:1962 - Ed. Lingua Orig.: 1961] |
||
| 300 | _aDISCO | ||
| 500 | _aMusica strumentale: pop, folk, popolare. Brani di autori vari. | ||
| 505 | _aThe Poor People of Paris [(France) (Monnot M.-Rouzaud)] - Frenesi [(Cuba) (Russell Luis-Charles R.-Dominiguez)] - The Third Man Theme [(Austria) (Karas Anton)] - Calcutta [(India) (Stillman-Gaze Heino)] - La Montana [(Spain) (Alguero-Moreu)] - Nick Nack Paddy Whack [(China) (Gould Morton-Arnold Malcolm)] - Volare [(Italy) (Modugno Domenico-Migliacci Franco-Parish Mitchell)] - April in Portugal [(Portugal) (Ferrao-Larue Jacques-Kennedy J.)] - Never On Sunday [(Greece) (Towne-Hadjidakis)] - Japanese Sandman [(Japan) (Egan-Whiting)] - Cielito lindo [(Mexico) (Fernandez Gregorio)] - Auf Wiederseh'n Sweetheart [(Germany) (Turner Joe-Sexton-Storch)] | ||
| 650 |
_aFOLK [DISCHI] _eCodice MATERIA SPICS: 9950 _91209 |
||
| 700 |
_aInternational All Stars _dCodice interprete SPICS: 15995 _eInterprete _912486 |
||
| 942 |
_cMD _2ddc |
||